000 00259nam a2200109Ia 4500
008 220216s9999 xx 000 0 und d
100 _aAbraham T
245 0 _aIratta thaiveru rubeerinu gunakaramo ?
260 _bRubber
_c2017
300 _a14-16
942 _cBS
999 _c49209
_d49209